000 00191 a2200097 4500
001 3999
100 _aHall,H.S
245 _aHigher algebra
260 _a
_bMacmillan
_c
090 _c3226
_d3226
942 _aNUST-CAE
_cM
_c24736
999 _c239072
_d239072